MARC

LEADER 00000nas a2200000 i 4500
001 ssj0018050
003 WaSeSS
005 20200512172242.0
006 m d
007 cr n
008 050615c19969999xr qr pss 0 0eng c
010 |a  2016236840 
022 |a 1804-6452  |l 1211-8303  |y 1211-8303 
035 |a (WaSeSS)ssj0018050 
040 |a OCLCS  |b eng  |e pn  |c OCLCS  |d CO3  |d OCLCQ  |d OCLCE  |d OCLCQ  |d OCLCF  |d OCL  |d OCLCO  |d OCLCQ  |d NOC  |d WT2  |d OCLCA  |d OCLCQ  |d TOF  |d AU@  |d IUL  |d VT2  |d OCL  |d OCLCQ  |d WaSeSS 
042 |a pcc 
043 |a e-xr--- 
050 1 4 |a DB2238.7  |b .N6813 
082 0 4 |a 943.7/005  |2 20 
130 0 |a Nová přítomnost.  |l English (Online) 
210 0 |a New Presence  |b (On-line) 
222 4 |a The New Presence  |b (On-line) 
245 1 4 |a The new presence  |h [electronic resource]. 
260 |a Prague :  |b M.J. Stránský Foundation,  |c 1996- 
310 |a Quarterly,  |b 2000- 
321 |a Monthly 
362 1 |a Print began with Oct. 1996; ceased with autumn 2011. 
506 |a License restrictions may limit access. 
515 |a Numbering dropped with Winter 2011? 
538 |a Mode of access: World Wide Web. 
588 0 |a Vol. 3, Issue 3 (autumn2001); title from journal homepage (EBSCOhost Web site, viewed Sept. 12, 2016). 
588 1 |a Autumn 2011 (EBSCOhost Web site, viewed Sept. 12, 2016). 
648 7 |a Since 1989  |2 fast 
650 7 |a Diplomatic relations.  |2 fast  |0 (OCoLC)fst01907412 
650 7 |a Politics and government  |2 fast  |0 (OCoLC)fst01919741 
651 0 |a Czech Republic  |x Politics and government  |v Periodicals. 
651 0 |a Czech Republic  |x Foreign relations  |v Periodicals. 
651 0 |a Europe, Central  |x Politics and government  |y 1989-  |v Periodicals. 
651 7 |a Czech Republic.  |2 fast  |0 (OCoLC)fst01256743 
651 7 |a Central Europe.  |2 fast  |0 (OCoLC)fst01244544 
655 0 |a Electronic journals. 
710 2 |a Nadace M.J. Stránského. 
765 0 |t Nová přítomnost 
776 0 8 |i Print version:  |t Nová přítomnost. English. New presence  |x 1211-8303  |w (DLC) 96647765  |w (OCoLC)35847220 
856 4 0 |z Full text available from Research Library: 01/01/2009 to 01/31/2010  |u https://search.proquest.com/publication/52918 
856 4 0 |z Full text available from Research Library: 01/01/2010 to present  |u https://search.proquest.com/publication/426298